Brisas de Otoño / (Record no. 161690)

MARC details
000 -LEADER
campo de control de longitud fija 00633nam a22001815i 4500
001 - NÚMERO DE CONTROL
campo de control 161690
003 - IDENTIFICADOR DE NÚMERO DE CONTROL
campo de control ES-MaACL
005 - FECHA Y HORA DE LA ÚLTIMA TRANSACCIÓN
campo de control 20251116063110.0
008 - DATOS DE LONGITUD FIJA--INFORMACIÓN GENERAL
campo de control de longitud fija 990617s1873 sp |||| | spa d
040 ## - FUENTE DE CATALOGACIÓN
Centro catalogador/agencia de origen CCPB | B
Lengua de catalogación spa
Centro/agencia transcriptor CCPB | B
100 1# - ENTRADA PRINCIPAL--NOMBRE DE PERSONA
Nombre de persona Peñaranda Carlos,
Fechas asociadas al nombre 1848-1908
9 (RLIN) 131101
245 10 - MENCIÓN DEL TÍTULO
Título Brisas de Otoño /
Mención de responsabilidad, etc. Carlos Peñaranda.
260 ## - PUBLICACIÓN, DISTRIBUCIÓN, ETC.
Lugar de publicación, distribución, etc. Cartagena :
Nombre del editor, distribuidor, etc. [s.n.],
Fecha de publicación, distribución, etc. 1873 (
Fabricante Imp. y Lit. de L. Montells)
300 ## - DESCRIPCIÓN FÍSICA
Extensión 85 p. ;
Dimensiones 14 cm.
510 4# - NOTA DE CITAS O REFERENCIAS BIBLIOGRÁFICAS
Nombre de la fuente Palau,
Localización dentro de la fuente t. XII, 217686-IV
852 ## - LOCALIZACIÓN
Ubicación ES-MaACL
Número de control de estantería T-212-F-7
Nota libre -- Enc. hol.
condición física -- Falto de la cub. original
Nota libre -- Enc. eun vol. facticio
Holdings
Estatus retirado Estado de pérdida Estado de daño No para préstamo Colección Biblioteca de origen Biblioteca actual Ubicación en estantería Fecha de adquisición Total de préstamos Signatura topográfica completa Código de barras Visto por última vez Precio de reemplazo Tipo de ítem Koha
        Colección de folletos Biblioteca del Ateneo de Madrid Biblioteca del Ateneo de Madrid Depósito folletos 17/01/2008   T-212-F-7 1169369 23/02/2023 23/02/2023 Folleto